[Event "Oberfranken-ch op 0607"]
[Site "Schney"]
[Date "2007.01.02"]
[Round "2"]
[White "Stoecklein, Tony"]
[Black "Trebes, Martin"]
[Result "1/2-1/2"]
[WhiteElo "1137"]
[BlackElo "1231"]
[PlyCount "133"]
[EventDate "2007.01.02"]
[EventType "swiss"]
[EventRounds "9"]
[EventCountry "GER"]
[SourceTitle "EXT 2024"]
[Source "ChessBase"]
[SourceDate "2023.10.10"]
[SourceVersion "1"]
[SourceVersionDate "2023.10.10"]
[SourceQuality "1"]

1. e4 e5 2. Nf3 Nc6 3. Bb5 d6 4. Nc3 a6 5. Ba4 b5 6. Bb3 Nf6 7. d3 h6 8. Be3 Be7 9. Qd2 Rb8 10. a3 a5 11. 0-0 0-0 12. Nd5 a4 13. Ba2 Bg4 14. Ne1 Nxd5 15. Bxd5 Nd4 16. Bxd4 exd4 17. f4 c5 18. Nf3 Kh8 19. f5 Bxf3 20. Rxf3 Bf6 21. Rh3 b4 22. Rf1 Qe7 23. Rff3 Kh7 24. Rfg3 Rh8 25. Qe2 Kg8 26. Qh5 bxa3 27. bxa3 Rb1+ 28. Kf2 Ra1 29. Qg6 Kf8 30. Qg4 Rxa3 31. Qd1 Qa7 32. Qb1 Rc3 33. Rf3 a3 34. g4 g5 35. fxg6 Kg7 36. gxf7 Rf8 37. Rxh6 Kxh6 38. Rxf6+ Kg7 39. g5 Qa4 40. Bb3 a2 41. Qa1 Rxc2+ 42. Bxc2 Qxc2+ 43. Kg1 Qb1+ 44. Rf1 Qxa1 45. Rxa1 Rxf7 46. Rxa2 Kg6 47. Ra6 Kxg5 48. Rxd6 Rc7 49. Kg2 Kf4 50. Kf2 c4 51. Rf6+ Ke5 52. Rf5+ Ke6 53. dxc4 Rxc4 54. Rd5 Rc2+ 55. Kg3 Rc3+ 56. Kf4 Rc4 57. h4 Kf6 58. h5 Kg7 59. Rd6 Kh7 60. h6 Ra4 61. e5 d3+ 62. Ke3 Ra5 63. e6 Re5+ 64. Kxd3 Kxh6 65. e7+ Kg7 66. Rd7 Kf7 67. Kd4 1/2-1/2